Statistics for Towns of Connecticut

Click here to take the quiz!

General Stats

  • This quiz has been taken 1,285 times
  • The average score is 88 of 169

Answer Stats

Town % Correct
Hartford
94%
New Haven
90%
Greenwich
84%
Bridgeport
83%
New London
83%
Stamford
82%
West Hartford
80%
Fairfield
80%
East Hartford
78%
Danbury
76%
East Haven
73%
Middletown
73%
West Haven
72%
Waterbury
72%
Milford
69%
North Haven
68%
Manchester
68%
Windsor
67%
Darien
66%
Litchfield
66%
Glastonbury
66%
New Canaan
66%
Norwalk
66%
Groton
65%
Westport
64%
Tolland
63%
New Britain
63%
Old Lyme
63%
Hamden
62%
Madison
62%
Old Saybrook
61%
Stratford
61%
Torrington
61%
Lyme
61%
Bristol
61%
Newtown
60%
Norwich
60%
Stonington
60%
Southington
60%
Meriden
60%
Orange
60%
Avon
60%
Enfield
59%
New Milford
58%
Clinton
58%
Ansonia
57%
Shelton
57%
Berlin
57%
Branford
57%
Farmington
57%
Mansfield
56%
East Lyme
56%
Wallingford
56%
Haddam
56%
Granby
56%
Newington
56%
Simsbury
55%
Cheshire
55%
Guilford
55%
Windham
55%
Trumbull
55%
Windsor Locks
55%
Vernon
54%
Bethel
54%
New Hartford
54%
Rocky Hill
54%
Weston
54%
Kent
54%
Canaan
54%
Ridgefield
54%
Essex
54%
Watertown
53%
Wethersfield
53%
Derby
53%
Naugatuck
52%
New Fairfield
52%
Waterford
52%
Portland
51%
East Haddam
51%
Easton
51%
South Windsor
51%
Canton
50%
East Windsor
50%
Washington
50%
Putnam
50%
Salisbury
49%
Bloomfield
49%
Cromwell
49%
Wilton
49%
Coventry
49%
Middlebury
49%
Suffield
48%
Southbury
48%
Colchester
48%
Durham
48%
Killingly
48%
Killingworth
48%
East Granby
48%
Plainville
48%
North Stonington
47%
Andover
47%
North Branford
47%
Oxford
47%
Brookfield
47%
Thompson
46%
Stafford
46%
Union
46%
Monroe
46%
Brooklyn
46%
Ellington
46%
Chester
46%
Middlefield
46%
Woodstock
45%
Deep River
45%
Canterbury
45%
Burlington
45%
Redding
45%
Westbrook
45%
Bolton
45%
Hebron
45%
Somers
44%
Barkhamsted
43%
Ashford
43%
East Hampton
43%
Woodbridge
43%
Goshen
43%
Plainfield
43%
Marlborough
43%
Sharon
43%
Bethlehem
42%
Beacon Falls
42%
Norfolk
42%
Ledyard
42%
Winchester
42%
Woodbury
42%
North Canaan
41%
Roxbury
41%
Hampton
41%
Salem
40%
Lebanon
40%
Wolcott
40%
Thomaston
40%
Montville
40%
Cornwall
40%
Sherman
40%
Bozrah
39%
Bethany
39%
Bridgewater
38%
Harwinton
38%
Hartland
38%
Pomfret
38%
Voluntown
38%
Colebrook
37%
Scotland
37%
Morris
37%
Eastford
37%
Lisbon
37%
Seymour
37%
Preston
37%
Plymouth
37%
Franklin
36%
Willington
36%
Columbia
36%
Griswold
36%
Prospect
35%
Sterling
34%
Warren
34%
Chaplin
32%
Sprague
31%

Score Distribution

Percentile by Number Answered

Percent of People with Each Score

Your Score History

You have not taken this quiz